000 01611nam a2200301 i 4500
001 8303
003 ES-MaACL
005 20250801063010.0
007 t|
008 920430m19912012sp |||| | spa d
020 _a84-85290-88-7
080 _a327(460)(091)
100 1 _aOchoa Brun, Miguel Ángel
_9157089
245 1 0 _aHistoria de la diplomacia española /
_cMiguel Ángel Ochoa Brun.
250 _a2ª ed.
260 _aMadrid :
_bMinisterio de Asuntos Exteriores,
_c1991-[2012]
300 _av. <1-6-[7], 9-10 > ;
_c25 cm.
490 1 _aBiblioteca diplomática española. Sección Estudios ;
_v6
505 8 _aContiene: 1-4 [Sin título] - 5 ;
_tLa diplomacia de Carlos V - 6 ;
_tLa diplomacia de Felipe II - [7] Apéndice, pte. 1 ;
_tRepertorio diplomático: listas cronológicas de representantes desde la Alta Edad Media hasta el año 2000 (297 p.) - 9 ;
_tLa diplomacia en la era de la Ilustración, I (507 p.) - 10 ;
_tLa diplomacia en la era de la Ilustración, II (387 p.)
505 8 _aContiene: cap. VI. La diplomacia en la era de la Ilustración, v. 9: [de "El siglo XVIII" a "La diplomacia ultramarina de Carlos III"], v. 10: [de "La diplomacia de Carlos IV" a "Adiós a la Ilustración"]
650 1 4 _aDiplomáticos-
_zEspaña-
_vHistoria-
_vListas.
_911920
650 1 4 _aDiplomacia-
_zEspaña-
_xHistoria.
_911915
651 4 _aEspaña-
_xPolítica exterior-
_xHistoria.
_98427
710 1 _aEspaña.
_bMinisterio de Asuntos Exteriores.
_93845
830 0 0 _aBiblioteca diplomática española.
_pEstudios
_v6
_9179518
852 _aES-MaACL
_jP-319
999 _c8303
_d8303